[Event "Moscow Smyslov-D"]
[Site "Moscow"]
[Date "2025.06.05"]
[Round "4"]
[White "Dyrul, Aleksandr Artemovic"]
[Black "Ignatenko, Boris Al"]
[Result "1/2-1/2"]
[WhiteElo "1569"]
[BlackElo "1513"]
[PlyCount "32"]
[EventDate "2025.06.02"]
[EventType "swiss"]
[EventRounds "8"]
[EventCountry "RUS"]
[SourceTitle "CB29_2025"]
[SourceDate "2025.07.16"]
[SourceVersion "1"]
[SourceVersionDate "2025.07.16"]
[SourceQuality "1"]

1. e4 c5 2. Nf3 e6 3. c3 d5 4. exd5 exd5 5. d4 Nf6 6. Bd3 Nc6 7. h3 cxd4 8. cxd4 Bb4+ 9. Bd2 Bxd2+ 10. Nbxd2 Qb6 11. Nb3 Qb4+ 12. Qd2 Ne4 13. Qxb4 Nxb4 14. Bb5+ Ke7 15. 0-0 a6 16. Be2 g5 1/2-1/2

[Event "Moscow Smyslov-D"]
[Site "Moscow"]
[Date "2025.06.03"]
[Round "2"]
[White "Dyrul, Aleksandr Artemovic"]
[Black "Novikov, Arseny"]
[Result "1-0"]
[WhiteElo "1569"]
[BlackElo "1467"]
[PlyCount "115"]
[EventDate "2025.06.02"]
[EventType "swiss"]
[EventRounds "8"]
[EventCountry "RUS"]
[SourceTitle "CB29_2025"]
[SourceDate "2025.07.16"]
[SourceVersion "1"]
[SourceVersionDate "2025.07.16"]
[SourceQuality "1"]

1. d4 Nf6 2. Nf3 g6 3. Bf4 Bg7 4. e3 e6 5. c4 b6 6. Nc3 d5 7. Be2 Bb7 8. Rc1 c6 9. 0-0 0-0 10. b3 Nh5 11. Bxb8 Rxb8 12. Qc2 f5 13. Ne5 Nf6 14. f4 Nd7 15. Rfd1 Nxe5 16. dxe5 Qe7 17. cxd5 exd5 18. Bf3 Rfd8 19. g3 Rbc8 20. Qg2 Qe6 21. g4 Rb8 22. gxf5 gxf5 23. Kf2 Rbc8 24. Rg1 Rd7 25. Rcd1 a5 26. a4 Kh8 27. h3 Bh6 28. Qg3 c5 29. Nb5 d4 30. Bxb7 Rxb7 31. Nd6 Rg7 32. Qf3 Rcg8 33. Rxg7 Rxg7 34. exd4 cxd4 35. Qa8+ Rg8 36. Qb7 Rf8 37. Qf3 Rg8 38. Rg1 Rxg1 39. Kxg1 Bf8 40. Nc4 Bc5 41. Kf1 Qg6 42. Qa8+ Qg8 43. Qxg8+ Kxg8 44. Ke2 Kf7 45. Nd2 Kg6 46. Nf3 h6 47. Nh4+ Kh5 48. Nxf5 Kg6 49. Ng3 h5 50. h4 d3+ 51. Kxd3 Bf2 52. f5+ Kh6 53. e6 Kg7 54. Nxh5+ Kf8 55. Ke4 Bxh4 56. Ke5 Be7 57. f6 Bb4 58. e7+ 1-0